000 00610nam a22001697a 4500
999 _c189315
_d189315
005 20220623123832.0
010 _aENG-133352
020 _a9788183876803
_c280.00
035 _aEN-116884
037 _bDBAD/PUB
100 _aKadekodi,Gopal K
245 _aRemembered Thoughts:
_bA Journey Over Forty- Five Years of Academics/
_cGopal K Kadekodi
260 _aNew Delhi
_bSerials Publications
_c2014
270 _a4830/24, Prahlad Street, Ansari Road Daryaganj
_bNew Delhi
_e110002
_k23245225
_l91-11-23272135
_mserials@sify.com
300 _axiv,320p.
_c22cm(pbk)
942 _2ddc
_cEN
_h954
_mKAD